<The> impact of introducing the euro on financial and capital markets

Finančné a kapitálová trhy na prelome milénia. Vytvorenie Európskej menovej únie. Euro a slovenská ekonomika.

Guardado en:
Detalles Bibliográficos
Autor principal: Piovarčiová, Veronika, 1951-
Formato: Capítulo de libro
Lenguaje:inglés
Materias:
Etiquetas: Agregar Etiqueta
Sin Etiquetas, Sea el primero en etiquetar este registro!

MARC

LEADER 00000naa$a2200000$$$4500
001 0143090
005 20240502083331.4
041 0 |a eng 
044 |a PL 
245 1 0 |a <The> impact of introducing the euro on financial and capital markets  |c Veronika Piovarčiová 
520 |a Finančné a kapitálová trhy na prelome milénia. Vytvorenie Európskej menovej únie. Euro a slovenská ekonomika. 
610 2 0 |a trh finančný 
610 2 0 |a trh kapitálový 
610 2 0 |a Európska menová únia 
610 2 0 |a euro 
610 2 0 |a hospodárstvo národné 
610 2 0 |a Slovensko 
100 1 |a Piovarčiová, Veronika, 1951-